000 00382nam a22001697a 4500
003 OSt
005 20220405111315.0
008 220405b |||||||| |||| 00| 0 eng d
020 _a8173812519
040 _cHU
082 _a537
100 _aChattopadhyay D.
_928857
245 _aElectricity And Magnetism
260 _aLondon
_bLondon
300 _f640
942 _2ddc
_cBOOKS
_n0
999 _c34347
_d34347